000 01993nam a2200217Ia 4500
003 Ost
005 20260507075728.0
008 260507s9999||||xx |||||||||||||| ||und||
040 _cfsecg
041 _aara
082 _a340
100 _aسعد، نبيل ابراهيم
_eمؤلف
245 0 _aالعقود المسماة عقد البيع /
_c نبيل ابراهيم سعد
260 _aالاسكندرية:
_bدار الجامعة الجديدة,
_c2003
300 _a304 صفحة؛
_c24 سم
520 _aمقدمة -أولا فكرة العقود المسماة : ثانيا مصادر القواعد القانونية المنظمة للعقود المسماة : ثالثا : نطاق الدراسة : عقد البيع : فصل تمهيدي التعريف بعقد البيع -القسم الأول : انعقاد عقد البيع : الباب الأول : أركان عقد البيع وشروط صحته : الفصل الأول : التراضي : الفصل الثاني : الشئ المبيع : الفصل الثالث : الثمن -الباب الثاني : صور خاصة للبيع (البيوع الائتمانية) : الفصل الأول : البيع كوسيلة لإنشاء الائتمان : الفصل الثاني : البيع كوسيلة لضمان الائتمان -القسم الثاني : آثار عقد البيع : الباب الأول : التزامات البائع : الفصل الأول : الالتزام بنقل الملكية : الفصل الثاني : الالتزام بالتسليم : الفصل الثالث : الالتزام بالضمان -الباب الثاني : التزامات المشتري : الفصل الأول : الوفاء بالثمن : الفصل الثاني : الالتزام بدفع مصروفات البيع : الفصل الثالث : تسلم المبيع
653 _aتشريعات وقوانين -مصر
653 _aعقود البيع
653 _aقانون تجاري
942 _cكتاب
999 _c46003
_d46003